Score 0/10 Timer 01:30
0 Plays Today
% Correct
Indiana Jones
89.9%
Peter Pan
82.4%
King George VI
78.8%
Bruce Wayne
77.9%
Ron Weasley
65.4%
Shere Khan
63.8%
John McClane
45.8%
Truman Burbank
40.7%
Melvin Udall
33.3%
John 'Scottie' Ferguson
25.3%

Today's Daily Dose

Remove Ads.
Support Sporcle.
Get the best of Sporcle when you Go Orange. This ad-free experience offers more features, more stats, and more fun while also helping to support Sporcle. Thank you for becoming a member.

You're not logged in!

Compare scores with friends on all Sporcle quizzes.
OR
Log In

Show Comments

Extras

Top Quizzes Today


Score Distribution

Your Account Isn't Verified!

In order to create a playlist on Sporcle, you need to verify the email address you used during registration. Go to your Sporcle Settings to finish the process.

Report this User

Report this user for behavior that violates our Community Guidelines.

Details: